Tìm hiểu quá trình chuyển dịch cơ cấu nông - lâm - ngư ngiệp tỉnh Thừa Thiên - Huế giai đoạn 2000 - 2005 xu hướng chuyển dịch đến 2010

Thừa Thiên - Huế là một trong những tỉnh thuộc vùng duyên hải miền Trung có nhiều tiềm năng để phát triển nông - lâm - ngư nghiệp. Trên thực tế, những năm qua thành tựu phát triển nông - lâm - ngư nghiệpcủa tỉnh đã khẳng định điều đó....

Полное описание

Сохранить в:
Библиографические подробности
Главный автор: Lê, Văn Huỳnh
Другие авторы: Nguyễn, Duy Hòa Th.S (Hướng dẫn)
Формат:
Язык:Vietnamese
Опубликовано: Đà Nẵng Trường Đại học Sư phạm 6/2011
Серии:Khóa luận tốt nghiệp ĐH. Chuyên ngành: Cử nhân Địa Lý
Предметы:
Метки: Добавить метку
Нет меток, Требуется 1-ая метка записи!
Thư viện lưu trữ: Mạng thư viện Đại học Đà Nẵng
LEADER 01659nam a2200325 4500
001 000011390
003 7633
005 20120203160251.0
008 120203s6/20 viesd
041 |a vie 
072 |a Khóa luận tốt nghiệp 
082 |a 338  |b LE-H 
100 |a Lê, Văn Huỳnh 
245 |a Tìm hiểu quá trình chuyển dịch cơ cấu nông - lâm - ngư ngiệp tỉnh Thừa Thiên - Huế giai đoạn 2000 - 2005 xu hướng chuyển dịch đến 2010  |c Lê, Văn Huỳnh; Người hướng dẫn Nguyễn, Duy Hòa 
260 |a Đà Nẵng  |b Trường Đại học Sư phạm  |c 6/2011 
300 |a 69tr, ảnh, biểu đồ  |c 29 cm. 
490 |a Khóa luận tốt nghiệp ĐH. Chuyên ngành: Cử nhân Địa Lý 
520 |a Thừa Thiên - Huế là một trong những tỉnh thuộc vùng duyên hải miền Trung có nhiều tiềm năng để phát triển nông - lâm - ngư nghiệp. Trên thực tế, những năm qua thành tựu phát triển nông - lâm - ngư nghiệpcủa tỉnh đã khẳng định điều đó. 
653 |a Khóa luận tốt nghiệp Đại học 
700 |a Nguyễn, Duy Hòa  |c Th.S  |e Hướng dẫn 
OWN |a LSP 
AVA |a UDN50  |b LSP  |d 338 LE-H  |e available  |t Error 5001 Not defined in file expand_doc_bib_avail.  |f 1  |g 0  |h N  |i 0  |k 1 
999 |a From the UDN01 
AVA |a UDN50  |b LSP  |d 338 LE-H  |e available  |t Error 5001 Not defined in file expand_doc_bib_avail.  |f 1  |g 0  |h N  |i 0  |k 1 
TYP |a Monograph 
TYP |a Printed language 
980 |a Mạng thư viện Đại học Đà Nẵng